LEADER 01410nas 2200433-a 450 001 9910144942503321 005 20240413030121.0 035 $a(CKB)991042737663322 035 $a(CONSER)cn-89030937- 035 $a(EXLCZ)99991042737663322 100 $a19890228a19879999 --- a 101 0 $aeng 181 $ctxt$2rdacontent 182 $cc$2rdamedia 183 $acr$2rdacarrier 200 10$aResearch /$fUniversity of Guelph 210 $aGuelph, Ont. $cOffice of Research, University of Guelph$d[1987]- 215 $a1 online resource 300 $aTitle from caption. 300 $aIssued under title, 200--: Research magazine. -- Cf. spring 2007. 311 $aPrint version: Research / (DLC)cn 89030937 (OCoLC)1081081836 0841-9493 517 2 $aResearch magazine 531 0 $aRes. - Univ. Guelph 606 $aResearch$zOntario$zGuelph$xPeriodicals 606 $aRecherche$zOntario$zGuelph$xPériodiques 606 $aResearch$2fast$3(OCoLC)fst01095153 607 $aOntario$zGuelph$2fast 608 $aPeriodicals.$2fast 615 0$aResearch$xPeriodicals. 615 6$aRecherche$xPériodiques. 615 7$aResearch. 676 $a001.4/09713/43 686 $acci1icc$2lacc 712 02$aUniversity of Guelph.$bOffice of Research. 906 $aJOURNAL 912 $a9910144942503321 920 $aexl_impl conversion 996 $aResearch$92018810 997 $aUNINA LEADER 01838oam 2200481zu 450 001 9910872781003321 005 20241212214844.0 035 $a(CKB)111026746712728 035 $a(SSID)ssj0000455345 035 $a(PQKBManifestationID)12148334 035 $a(PQKBTitleCode)TC0000455345 035 $a(PQKBWorkID)10399475 035 $a(PQKB)11015469 035 $a(EXLCZ)99111026746712728 100 $a20160829d1996 uy 101 0 $aeng 181 $ctxt 182 $cc 183 $acr 200 10$a1995 International Integrated Reliability Workshop final report : Stanford Sierra Camp, Lake Tahoe, California, October 22-25, 1995 210 31$a[Place of publication not identified]$cIEEE Electron Devices Society$d1996 300 $aBibliographic Level Mode of Issuance: Monograph 311 08$a9780780327054 311 08$a0780327055 606 $aIntegrated circuits$xReliability$vCongresses 606 $aIntegrated circuits$xReliability$xWafer scale integration$xCongresses 606 $aElectrical & Computer Engineering$2HILCC 606 $aElectrical Engineering$2HILCC 606 $aEngineering & Applied Sciences$2HILCC 615 0$aIntegrated circuits$xReliability 615 0$aIntegrated circuits$xReliability$xWafer scale integration$xCongresses. 615 7$aElectrical & Computer Engineering 615 7$aElectrical Engineering 615 7$aEngineering & Applied Sciences 676 $a621.3815 712 02$aIEEE Electron Devices Society 712 02$aIEEE Reliability Society 712 12$aInternational Integrated Reliability Workshop 801 0$bPQKB 906 $aBOOK 912 $a9910872781003321 996 $a1995 International Integrated Reliability Workshop final report : Stanford Sierra Camp, Lake Tahoe, California, October 22-25, 1995$92531430 997 $aUNINA LEADER 02891nam 2200613 a 450 001 9910962333503321 005 20200520144314.0 010 $a9781608054749 010 $a1608054748 035 $a(CKB)2550000001040967 035 $a(EBL)1121697 035 $a(OCoLC)827207354 035 $a(SSID)ssj0001355734 035 $a(PQKBManifestationID)11813787 035 $a(PQKBTitleCode)TC0001355734 035 $a(PQKBWorkID)11348074 035 $a(PQKB)10207318 035 $a(MiAaPQ)EBC1121697 035 $a(DE-B1597)732002 035 $a(DE-B1597)9781608054749 035 $a(Perlego)976737 035 $a(EXLCZ)992550000001040967 100 $a20130226d2013 uy 0 101 0 $aeng 135 $aur|n|---||||| 181 $ctxt 182 $cc 183 $acr 200 00$aAdvances in cancer drug targets$hVolume 1 /$feditor, Atta-ur-Rahman 205 $a1st ed. 210 $aSharjah, United Arab Emirates ;$aOak Park, Ill. $cBentham Science Publishers$d[2013?] 215 $a1 online resource (316 p.) 225 0 $aAdvances in cancer drug targets,$x2213-9915 ;$vv. 1 300 $aDescription based upon print version of record. 311 08$a9781608056019 311 08$a1608056015 320 $aIncludes bibliographical references and index. 327 $aTitle; EUL; Contents; Foreword; List of Contributors; Chapter 01; Chapter 02; Chapter 03; Chapter 04; Chapter 05; Chapter 06; Chapter 07; Chapter 08; Index 330 $aAdvances in Cancer Drug Targets is an e-book series that brings together recent expert reviews published on the subject with a focus on strategies for synthesizing and isolating organic compounds and elucidating the structure and nature of DNA. The reference work serves to give readers a brief yet comprehensive glance at current theory and practice behind employing chemical compounds for tackling tumor suppression, DNA site specific drug targeting and the inhibition of enzymes involved in growth control pathways. The reviews presented in this series are written by experts in pharmaceutical sciences and molecular biology. These reviews have been carefully selected to present development of new approaches to anti-cancer therapy and anti-cancer drug development. This e-book volume will be of special interest to molecular biologists and pharmaceutical scientists. 410 0$aAdvances in Cancer Drug Targets 606 $aCancer$xChemotherapy 606 $aDrug targeting 615 0$aCancer$xChemotherapy. 615 0$aDrug targeting. 676 $a615/.19 700 $aRahman$b Atta-ur, $4aut$4http://id.loc.gov/vocabulary/relators/aut$0544456 701 $aRahman$b Atta-ur-$f1942-$0544456 801 0$bMiAaPQ 801 1$bMiAaPQ 801 2$bMiAaPQ 906 $aBOOK 912 $a9910962333503321 996 $aAdvances in cancer drug targets$94345117 997 $aUNINA